| 000 | 00791nam a22002057a 4500 | ||
|---|---|---|---|
| 005 | 20240510120736.0 | ||
| 010 | _aENG-140330 | ||
| 020 |
_c600.00 _a9788196759315 |
||
| 035 | _aEN-123862 | ||
| 037 | _bDBAD | ||
| 082 | _a658.4 | ||
| 245 |
_aSocial and Sustainable Innovations in Commerce and Management/ _cBy S.Selvanathan, R.C.Shantha, and A.Anitha |
||
| 260 |
_aTamil Nadu _bVirudhunagar Hindu Nadars' Senthikumara Nadar College _bMangayarkarasi College of Arts and Science for Women, Paravai, Madurai _c2023 |
||
| 270 |
_a25-B T.T.K.Road, (Near M.G.R. Statue) Virudhunagar-626001 _bTamil Nadu |
||
| 300 |
_a308p. _c28cm(pb) |
||
| 700 |
_aSelvanathan, S _966060 |
||
| 700 |
_aShantha, R.C. _966073 |
||
| 700 |
_aAnitha, A _966074 |
||
| 942 |
_2ddc _cEN _h658.4 _kSOC |
||
| 999 |
_c202797 _d202797 |
||